000 00617nam a2200193 i 4500
001 96396
003 ES-MaACL
005 20250829062539.0
007 t|
008 050617s1950 fr ||||1| fre d
100 1 _aMailer, Norman.
_975572
245 1 4 _aLes nus et les morts
_b: roman /
_cNorman Mailer; traduit de l'americain par Jean Malaquais; préface d' André Maurois.
260 _aParis :
_bAlbin Michel,
_c1950.
300 _aXIII, 665 p. ;
_c20 cm.
700 1 _aMalaquais, Jean.
_975691
700 1 _aMaurois, André,
_d1885-1967
_979267
852 _aES-MaACL
_jD-5911
_bR.31177
999 _c96396
_d96396